| 000 | 00959cam a2200277 a 4500 | ||
|---|---|---|---|
| 001 | 3467094 | ||
| 003 | ARRUPE | ||
| 005 | 20170123105131.0 | ||
| 008 | 930108s1993 gau b s001 0 eng | ||
| 010 | _a 93000056 | ||
| 020 | _a0820315389 (alk. paper) | ||
| 020 | _a0820315311 (pbk. : alk. paper) | ||
| 040 |
_aDLC _cDLC _dDLC |
||
| 050 | 0 | 0 | _aB831.2.S27 1993 |
| 082 | 0 | 0 |
_a149/.96 _220 |
| 100 | 1 |
_aSarup, Madan. _928445 |
|
| 245 | 1 | 3 |
_aAn introductory guide to post-structuralism and postmodernism / _cby Madan Sarup. |
| 250 | _a2nd ed. | ||
| 260 |
_aAthens : _bUniversity of Georgia Press, _c1993. |
||
| 300 |
_axii, 206 p. ; _c23 cm. |
||
| 650 | 0 |
_aPostmodernism. _928446 |
|
| 650 | 0 |
_aPhilosophy, Modern _y20th century. _928447 |
|
| 906 |
_a7 _bcbc _corignew _d1 _eocip _f19 _gy-gencatlg |
||
| 942 |
_2lcc _cMONOGRAPH |
||
| 999 |
_c126000 _d126000 |
||